Biggest Cities in the World Picture Quiz - Statistics

General Stats
  • This quiz has been taken 14 times
  • The average score is 14 of 15
Answer Stats
Picture Hint Answer % Correct
20.4 m Beijing
100%
29.4 m Delhi
100%
45.6 m Guangzhou
100%
30.6 m Jakarta
100%
22.4 m New York City
100%
35.9 m Shanghai
100%
40.2 m Tokyo
100%
20.5 m Cairo
93%
22.8 m Mexico City
93%
24.7 m Mumbai
93%
22.2 m São Paulo
93%
24.7 m Seoul
93%
25.2 m Manila
86%
18.8 m Lagos
57%
19.5 m Dhaka
50%
No matching quizzes found
Score Distribution
Percent of People with Each Score
Percentile by Number Answered
Your Score History
You have not taken this quiz